• 首页
  • 本馆介绍
  • 公告通知
  • 最新文献
  • 馆藏检索
  • 电子资源
  • 读者导购
  • 参考咨询
  • 我的图书馆
  • 登录
  • 详细信息显示
  • 放入我的书架
  • 预约/预借图书
  • 作者相关作品
  • 分类相关作品
  • 丛书相关作品
  • 出版社相关作品

书目信息

  • 表格格式
  • 工作单格式
  • 卡片格式
题名:
现代汉语语句系统的逻辑语义学研究
    
 
作者: 刘海燕 著
分册:  
出版信息: 北京   人民出版社  2021
页数: 496页
开本: 26cm
丛书名:
单 册:
中图分类: H13
科图分类:
主题词: 汉语--语义 , 汉语--语义学 , 汉语--词汇 , 训诂
电子资源:
ISBN: 978-7-01-022866-2
000 00641nam0 2200217 45
001 2636029061
005 20260305100258.16
010    @a978-7-01-022866-2@dCNY70.64
100    @a20211201d km y0chiy0120 ea
101 0  @achi
200 1  @a现代汉语语句系统的逻辑语义学研究@AXian Dai Han Yu Yu Ju Xi Tong De Luo Ji Yu Yi Xue Yan Jiu@f刘海燕著@FLiu Hai Yan Zhu
210    @a北京@c人民出版社@d2021
215    @a496页@d26cm
606 0  @a汉语@x语义
606 0  @a汉语@x语义学
606 0  @a汉语@x词汇
606 0  @a训诂
690    @aH13@v4
701  0 @a刘海燕@ALiu Hai Yan@4著
801  0 @aCN@bPFT@c20211201
905    @a213230@b0713501@dH13@e458
    
    现代汉语语句系统的逻辑语义学研究/刘海燕著.-北京:人民出版社,2021
    496页;26cm
    
    
    ISBN 978-7-01-022866-2:CNY70.64
    
●
相关链接 在E读中查询图书 在五车中查询图书 在当当中查询图书 在豆瓣中查询图书


正题名:现代汉语语句系统的逻辑语义学研究     索取号:H13/458         预约/预借

序号 登录号 条形码 馆藏地/架位号 状态 备注
1 1442162   214421623   第四借阅区/ [索取号:H13/458] 在馆    
唐山师范学院图书馆 欢迎您!
大连网信软件有限公司© 版权所有